000 00795nam a2200241 i 4500
001 128734
003 ES-MaACL
005 20250805055623.0
007 t|
008 070524s1962 sp ||||1| spa d
080 _a92(Carlos (46) III)
080 _a946"1759/88
100 1 _aTapia Ozcariz, Enrique de.
_9109240
245 1 0 _aCarlos III y su época
_b: biografía del siglo XVIII /
_cEnrique de Tapia Ozcariz.
260 _a[Madrid] :
_bAguilar,
_c[1962]
300 _a417 p., 17 h. de lám ;
_c23 cm.
490 1 _aEvocaciones y Memorias
600 0 4 _aCarlos
_bIII,
_cRey de España
_935305
651 4 _aEspaña-
_xHistoria-
_y1759-1788, Carlos III.
_98240
830 0 _aEvocaciones y Memorias
_9184550
852 _aES-MaACL
_jC-22521
_bR.51213
999 _c128734
_d128734